Logo Biblioteca

Tecnología II : (Registro nro. 184)

Detalles MARC
000 -LEADER
fixed length control field 02562nam a22002057a 4500
003 - CONTROL NUMBER IDENTIFIER
control field OSt
005 - DATE AND TIME OF LATEST TRANSACTION
control field 20240219094546.0
008 - FIXED-LENGTH DATA ELEMENTS--GENERAL INFORMATION
fixed length control field 240206s2004 ag ||||| |||| 00| 0 spa d
020 ## - INTERNATIONAL STANDARD BOOK NUMBER
International Standard Book Number 950460580X
040 ## - CATALOGING SOURCE
Transcribing agency besoc
100 1# - MAIN ENTRY--PERSONAL NAME
Personal name Kechichian, Graciela K. de
245 10 - TITLE STATEMENT
Title Tecnología II :
Remainder of title Energía y desarrollo tecnológico : Tecnologías de la información y de la comunicación : Tecnologías de gestión /
Statement of responsibility, etc. Graciela K. de Kechichian, Adriana S. Cohan ; bajo la dirección de Herminia Mérega
260 ## - PUBLICATION, DISTRIBUTION, ETC.
Place of publication, distribution, etc. Buenos Aires :
Name of publisher, distributor, etc. Santillana,
Date of publication, distribution, etc. 2004
300 ## - PHYSICAL DESCRIPTION
Extent 191 p.
505 0# - FORMATTED CONTENTS NOTE
Formatted contents note 1. Fuentes de energía y tecnología: recursos energéticos; de la fuente al consumo; aportes de la electricidad a la tecnología; transformaciones de la energía -- 2. Fuentes de energía no renovables y tecnología: tecnologías para la extracción del carbón; el carbón, el petróleo y el gas; la revolución atómica, energía nuclear -- 3. Las energías renovables y la tecnología: aprovechamiento de las energías hidráulicas y eólicas; la energía solar; recursos generadores de energías menos difundidos -- 4. Las fuentes de energía y el ambiente: impacto ambiental del uso de recursos energéticos; la recuperación de la energía; uso racional de la energía -- 5.Sistemas de comunicación: introducción a los sistemas de comunicación eléctrica; los pioneros de la comunicación eléctrica; redes de telecomunicaciones -- 6. La transmisión: códigos de transmisión; artefactos analógicos y digitales; Comunicación satelital -- 7. Tecnología informática: ¿qué es la programación?; tecnología informática -- 8. La informática y el hombre: Tecnología informática: su impacto en el desarrollo de la vida humana; realidad y virtualidad; informática y ética -- 9. La organización: concepto y tipos de organización; la estructura organizacional; Vínculos en la organización empresarial -- 10. Las organizaciones hoy: el mercado de las organizaciones; planeamiento estratégico; cultura e identidad de la organización -- 11. Gestión de calidad: sistemas de calidad; calidad ambiental y empresa -- 12. Microemprendimientos: las microempresas en el mundo de hoy; lo que debe saber una microempresa -- 13. Reingeniería de las organizaciones: ¿qué es la reingeniería? -- 14. Buscar trabajo es todo un trabajo: el mundo del trabajo; formas de postulaciones en la búsqueda de trabajo.-
650 #4 - SUBJECT ADDED ENTRY--TOPICAL TERM
Topical term or geographic name entry element Enseñanza de la tecnología
General subdivision Educación polimodal
700 1# - ADDED ENTRY--PERSONAL NAME
Personal name Cohan, Adriana S.
Relator term autor
700 1# - ADDED ENTRY--PERSONAL NAME
Personal name Mérega, Herminia
942 ## - ADDED ENTRY ELEMENTS (KOHA)
Source of classification or shelving scheme Universal Decimal Classification
Koha item type Obra General
Suppress in OPAC No
Existencias
Withdrawn status Lost status Source of classification or shelving scheme Damaged status Not for loan Collection Home library Current library Date acquired Total checkouts Full call number Barcode Date last seen Price effective from Koha item type
    Library of Congress Classification     Colección General Biblioteca Escuela de Ciencias Sociales Biblioteca Escuela de Ciencias Sociales 19/02/2024   62(075) K25 000935 19/02/2024 19/02/2024 Obra General
Biblioteca de la Escuela Preuniversitaria en Ciencias Sociales y Humanísticas.
Riobamba 250 bis.
CP 2000 - Rosario - Santa Fe
E-Mail: biblioteca@esociales.unr.edu.ar